The heart of a great pastor : (Record no. 2030)
[ view plain ]
| 000 -LEADER | |
|---|---|
| fixed length control field | 00992pam a2200325 a 4500 |
| 001 - CONTROL NUMBER | |
| control field | 51139 |
| 003 - CONTROL NUMBER IDENTIFIER | |
| control field | GBCCL |
| 005 - DATE AND TIME OF LATEST TRANSACTION | |
| control field | 20241126110415.0 |
| 008 - FIXED-LENGTH DATA ELEMENTS--GENERAL INFORMATION | |
| fixed length control field | 940503s1994 cau b 000 0 eng |
| 010 ## - | |
| -- | 94012657 |
| 020 ## - INTERNATIONAL STANDARD BOOK NUMBER | |
| International Standard Book Number | 0830716742 |
| 020 ## - INTERNATIONAL STANDARD BOOK NUMBER | |
| International Standard Book Number | 9780830742806 |
| 035 ## - SYSTEM CONTROL NUMBER | |
| System control number | (OCoLC)30475758 |
| 040 ## - CATALOGING SOURCE | |
| Original cataloging agency | DLC |
| Transcribing agency | DLC |
| Modifying agency | LBB |
| 049 ## - | |
| -- | LBBK |
| -- | LBBA |
| 050 00 - | |
| -- | BV660.2 |
| -- | .L66 1994 |
| 082 00 - DEWEY DECIMAL CLASSIFICATION NUMBER | |
| Classification number | 253 |
| Edition information | 20 |
| Item number | LON |
| 090 ## - LOCALLY ASSIGNED LC-TYPE CALL NUMBER (OCLC); LOCAL CALL NUMBER (RLIN) | |
| Classification number (OCLC) (R) ; Classification number, CALL (RLIN) (NR) | BV660.2 |
| Local cutter number (OCLC) ; Book number/undivided call number, CALL (RLIN) | .L66 1994 |
| 100 1# - MAIN ENTRY--PERSONAL NAME | |
| Personal name | London, H. B. |
| 9 (RLIN) | 4176 |
| 245 14 - TITLE STATEMENT | |
| Title | The heart of a great pastor : |
| Remainder of title | how to grow strong and thrive wherever God has planted you / |
| Statement of responsibility, etc. | H.B. London, Jr., Neil B. Wiseman. |
| 260 ## - PUBLICATION, DISTRIBUTION, ETC. | |
| Place of publication, distribution, etc. | Ventura, Calif. : |
| Name of publisher, distributor, etc. | Regal Books, |
| Date of publication, distribution, etc. | c1994. |
| 300 ## - PHYSICAL DESCRIPTION | |
| Extent | 250 p. ; |
| Dimensions | 22 cm. |
| 440 #2 - SERIES STATEMENT/ADDED ENTRY--TITLE | |
| Title | A Pastor to pastor book |
| 9 (RLIN) | 4177 |
| 504 ## - BIBLIOGRAPHY, ETC. NOTE | |
| Bibliography, etc. note | Includes bibliographical references. |
| 650 #0 - SUBJECT ADDED ENTRY--TOPICAL TERM | |
| Topical term or geographic name entry element | Clergy |
| General subdivision | Office. |
| 9 (RLIN) | 299 |
| 650 #0 - SUBJECT ADDED ENTRY--TOPICAL TERM | |
| Topical term or geographic name entry element | Pastoral theology. |
| 9 (RLIN) | 414 |
| 650 #0 - SUBJECT ADDED ENTRY--TOPICAL TERM | |
| Topical term or geographic name entry element | Evangelicalism. |
| 9 (RLIN) | 178 |
| 700 1# - ADDED ENTRY--PERSONAL NAME | |
| Personal name | Wiseman, Neil B. |
| 9 (RLIN) | 4178 |
| 942 ## - ADDED ENTRY ELEMENTS (KOHA) | |
| Source of classification or shelving scheme | Dewey Decimal Classification |
| Koha item type | Books |
| Koha issues (borrowed), all copies | 1 |
| Withdrawn status | Lost status | Source of classification or shelving scheme | Damaged status | Not for loan | Home library | Current Library | Shelving location | Date acquired | Total checkouts | Full call number | Barcode | Date last seen | Copy number | Price effective from | Koha item type | Date last checked out |
|---|---|---|---|---|---|---|---|---|---|---|---|---|---|---|---|---|
| Dewey Decimal Classification | GRACE BIBLE COLLEGE | GRACE BIBLE COLLEGE | Ministry & Mission | 2017-06-09 | 253 LON | 011130 | 2025-05-01 | c.1 | 2017-06-09 | Books | ||||||
| Dewey Decimal Classification | GRACE BIBLE COLLEGE | GRACE BIBLE COLLEGE | Ministry & Mission | 2017-06-09 | 1 | 253 LON | 011131 | 2025-05-01 | c.2 | 2017-06-09 | Books | 2022-08-24 | ||||
| Dewey Decimal Classification | GRACE BIBLE COLLEGE | GRACE BIBLE COLLEGE | Ministry & Mission | 2017-06-09 | 253 LON | 011132 | 2025-05-01 | c.3 | 2017-06-09 | Books |